000 00741cam a22002653a 4500
001 898
003 PGUSA
005 20140828082954.0
008 970501s1997||||xxu|||||s|||||000 1 eng d
040 _aPGUSA
_beng
042 _adc
050 4 _aPS
100 1 _aJames, Henry,
_d1843-1916
245 1 4 _aThe Lesson of the Master
_h[electronic resource] /
_cHenry James
260 _bProject Gutenberg,
_c1997
506 _aPublic domain in the USA.
516 _aElectronic text
653 _aMentoring of authors -- Fiction
653 _aYoung men -- Fiction
653 _aAuthors -- Fiction
653 _aPsychological fiction
830 0 _aProject Gutenberg
_v898
856 4 0 _uhttp://www.gutenberg.org/ebooks/898
942 _cEB
999 _c230249
_d230249